000 00330nam a2200133Ia 4500
003 OSt
008 191201s2011 xx 000 0 und d
100 _aCHANDRA, Tukika
245 0 _aEnglish Paper based on Chronicle of Time BA I
260 _aN. Delhi
_bVikas Pub
_c2011
300 _a276
650 _aGeneral Books
942 _2ddc
_cBK
999 _c290
_d290